| 000 | 00359nam a2200157Ia 4500 | ||
|---|---|---|---|
| 008 | 221030s9999 xx 000 0 und d | ||
| 020 | _a8176485152 | ||
| 041 | _aEnglish | ||
| 082 |
_a105.23 _bPan |
||
| 100 | _aPankaj Sharma | ||
| 245 | 0 | _aKnowledge Management | |
| 260 |
_bAPH Pub _aNew Delhi _c2004 |
||
| 300 | _a351 | ||
| 650 | _aManagement | ||
| 942 | _cBK | ||
| 999 |
_c1023 _d1023 |
||